00822nam a22001817a 4500003000900000008004100009040007100050082001500121100002300136245002700159260004400186300002600230505029700256650002300553650001200576650001300588700003900601AR-CdUCM190304b ||||| |||| 00| 0 spa d aMUNICIPALIDAD PROVINCIAL DEL CUSCOcBIBLIOTECA MUNICIPAL DEL CUSCO a347.6bF65 aFlores Polo, Pedro aDerecho de quiebras /  aTrujillo :bEdit. Marsol Perú,c1989. a630 paginas ;c19 cm. aContenido :Texto concordado de la ley procesal de quiebras No. 7566, con los comentarios jurídicos, jurisprudencia y los aspectos doctrinarios, se incluye los dispositivos que modifican la ley procesal de quiebras desde 1932, y las leyes de quiebras de Chile, Colombia, Uruguay y Panamá / aDerecho comercial  aQuiebra aDoctrina aManuel Solorzano Martinez (editor)